|
|
|
|
| LEADER |
00000cam a2200000 7i4500 |
| 001 |
0000006913 |
| 002 |
000007445 |
| 005 |
20000330.0 |
| 020 |
|
|
|a 983624199X
|
| 090 |
0 |
0 |
|a 658.3124
|b WEX
|
| 100 |
1 |
|
|a Wexley, Kenneth N
|
| 245 |
1 |
0 |
|a Sumber manusia dalam organisasi pembangunan dan latihan
|c Kenneth N. Wexley
|
| 260 |
|
|
|a Kuala Lumpur :
|b DBP ,
|c 1994
|
| 300 |
|
|
|a 401p. ;
|c 23cm.
|
| 650 |
0 |
0 |
|a Employees
|x Training of
|
| 700 |
0 |
|
|a Hafilah Zainal Abidin
|
| 999 |
|
|
|a 052002
|b BUKU
|c PINJAMAN
|e PERPUSTAKAAN KOMUNITI PETALING JAYA
|
| 999 |
|
|
|a 054247
|b BUKU
|c PINJAMAN
|e PERPUSTAKAAN KOMUNITI PETALING JAYA
|